<?xml version="1.0" encoding="UTF-8"?><?xml-stylesheet type="text/xsl" href="static/style.xsl"?><OAI-PMH xmlns="http://www.openarchives.org/OAI/2.0/" xmlns:xsi="http://www.w3.org/2001/XMLSchema-instance" xsi:schemaLocation="http://www.openarchives.org/OAI/2.0/ http://www.openarchives.org/OAI/2.0/OAI-PMH.xsd"><responseDate>2026-04-26T21:59:24Z</responseDate><request verb="GetRecord" identifier="oai:uvadoc.uva.es:10324/77384" metadataPrefix="marc">https://uvadoc.uva.es/oai/request</request><GetRecord><record><header><identifier>oai:uvadoc.uva.es:10324/77384</identifier><datestamp>2025-09-02T19:01:59Z</datestamp><setSpec>com_10324_38</setSpec><setSpec>col_10324_852</setSpec></header><metadata><record xmlns="http://www.loc.gov/MARC21/slim" xmlns:doc="http://www.lyncode.com/xoai" xmlns:xsi="http://www.w3.org/2001/XMLSchema-instance" xmlns:dcterms="http://purl.org/dc/terms/" xsi:schemaLocation="http://www.loc.gov/MARC21/slim http://www.loc.gov/standards/marcxml/schema/MARC21slim.xsd">
<leader>00925njm 22002777a 4500</leader>
<datafield tag="042" ind1=" " ind2=" ">
<subfield code="a">dc</subfield>
</datafield>
<datafield tag="720" ind1=" " ind2=" ">
<subfield code="a">Diéguez Rodríguez, Jesús</subfield>
<subfield code="e">author</subfield>
</datafield>
<datafield tag="260" ind1=" " ind2=" ">
<subfield code="c">2025</subfield>
</datafield>
<datafield tag="520" ind1=" " ind2=" ">
<subfield code="a">En este trabajo se busca conocer el comportamiento que ha &#xd;
tenido el desempleo en los países occidentales desde el siglo &#xd;
pasado. Primero se explica la Curva de Phillips original, &#xd;
posteriormente la respuesta que dio Friedman con su teoría de la &#xd;
“tasa natural” y por último la teoría de la histéresis de Blanchard. &#xd;
Estas dos serán contrastadas a través de la estimación de la tasa &#xd;
natural por períodos mediante Bai-Perron. Los resultados indican &#xd;
que solo tres países evidencian una tasa natural fija para toda la &#xd;
serie. La mayoría muestran una tasa de equilibrio con cambios &#xd;
que han supuesto un aumento de esta. Por el contrario, en el caso &#xd;
de España, Italia y Países Bajos se observa histéresis, lo que &#xd;
indicaría cambios continuos de la tasa natural.</subfield>
</datafield>
<datafield tag="024" ind2=" " ind1="8">
<subfield code="a">https://uvadoc.uva.es/handle/10324/77384</subfield>
</datafield>
<datafield tag="245" ind1="0" ind2="0">
<subfield code="a">¿Se debe renunciar a la Tasa  Natural de paro? Estimaciones  para la OCDE</subfield>
</datafield>
</record></metadata></record></GetRecord></OAI-PMH>